ბათუმის შოთა რუსთაველის სახელმწიფო უნივერსიტეტის ბიბლიოთეკა

Курс элементарной геометрии для техникумов. (ბიბ.ჩანაწერი № 47919)

000 -LEADER
fixed length control field 00743nam a2200229Ia 4500
001 - CONTROL NUMBER
control field 14796
003 - CONTROL NUMBER IDENTIFIER
control field GE_BSU
008 - FIXED-LENGTH DATA ELEMENTS--GENERAL INFORMATION
fixed length control field 181216s||||||||xx |||||||||||||| ||und||
040 ## - CATALOGING SOURCE
Transcribing agency GE_BSU
080 ## - UNIVERSAL DECIMAL CLASSIFICATION NUMBER
Universal Decimal Classification number 514.11(075.32)
100 ## - MAIN ENTRY--PERSONAL NAME
Personal name Андреев, П.П.
245 ## - TITLE STATEMENT
Title Курс элементарной геометрии для техникумов.
245 ## - TITLE STATEMENT
Remainder of title Учебник для сред. спец. учеб. завед.
245 ## - TITLE STATEMENT
Statement of responsibility, etc. Ред.А.Т.Цветков.
250 ## - EDITION STATEMENT
Edition statement Изд. 4-ое.стереот.
260 ## - PUBLICATION, DISTRIBUTION, ETC.
Place of publication, distribution, etc. Москва
260 ## - PUBLICATION, DISTRIBUTION, ETC.
Name of publisher, distributor, etc. Гостехиздат.
260 ## - PUBLICATION, DISTRIBUTION, ETC.
Date of publication, distribution, etc. 1957.
300 ## - PHYSICAL DESCRIPTION
Extent 239стр.
653 ## - INDEX TERM--UNCONTROLLED
Uncontrolled term Курс элементарной геометрии для техникумов.
942 ## - ADDED ENTRY ELEMENTS (KOHA)
Koha item type წიგნი
ეგზემპლარები
Withdrawn status Lost status Damaged status Not for loan Date acquired Barcode Date last seen Price effective from Koha item type
        2018-12-17 15807 2018-12-17 2018-12-17 წიგნი